Datum a čas kvízu
32
Celkem bodů
Celkový počet nahraných bodů na tomto kvízu bez doplňovacích otázek.
8.
Pořadí na kvízu
Konečné umístění týmu na tomto kvízu.
Zaznamenané odpovědi
| # | Otázka | Odpověď | Body | Výsledky |
|---|---|---|---|---|
| 1. | Ve středu jsme si prostřednict... | B) beze spěchu | 1 | |
| 2. | Argentinský prezident Javier M... | Falklandské (Malvínské) ostrovy | 0 | |
| 3. | V úterý začal vysílat v Česku... | Warner TV | 0 | |
| 4. | Od 1. 4. 2024 se mění podmínky... | A | 1 | |
| 5. | V pondělí odpoledne bylo oznám... | Formule 1 | 1 | |
| 6. | Nobelovu cenu za objev krevníc... | Jan Janský | 1 | |
| 7. | Kterým slovem na M se označuje... | menarche/menarché | 0 | |
| 8. | Vyberte pravdivé tvrzení: | D | 0 | |
| 9. | Hemofilie je geneticky podmíně... | Alexej; chromozom X | 0 | |
| 10. | Někteří bezobratlí živočichové... | hemolymfa; krvomíza | 0 |